| 000 | 01947nam a22004457a 4500 | ||
|---|---|---|---|
| 001 | 2986 | ||
| 003 | FISKH | ||
| 005 | 20240129121518.0 | ||
| 008 | 240129b cb ||||| |||| 00| 0 eng d | ||
| 010 | _a 2012418507 | ||
| 015 |
_aGBA737428 _2bnb |
||
| 015 |
_aGBA737435 _2bnb |
||
| 016 | 7 |
_a013746590 _2Uk |
|
| 016 | 7 |
_a013746597 _2Uk |
|
| 020 | _a9781846164835 (pbk.) | ||
| 020 | _a1846164834 (pbk.) | ||
| 020 | _a9781846166884 (pbk.) | ||
| 020 | _a1846166888 (pbk.) | ||
| 035 | _a(OCoLC)ocn132312712 | ||
| 040 |
_aUKM _beng _cUKM _dBTCTA _dAU@ _dYDXCP _dOCLCQ _dDLC |
||
| 042 |
_aukblcatcopy _alccopycat |
||
| 050 | 0 | 0 |
_aPZ7.B5347 _bFe 2007 |
| 082 | 0 | 4 |
_a823.92 _222 |
| 100 | 1 | _aBlade, Adam. | |
| 245 | 1 | 0 |
_aFerno, the fire dragon / _cAdam Blade |
| 260 |
_aLondon : _bOrchard, _c2007. |
||
| 300 |
_a114 pages : _billustrations, map ; _c20 cm. |
||
| 490 | 0 |
_aBeast quest ; _vBook 1 |
|
| 505 | _aR | ||
| 520 | _a"One boy's journey to help his village becomes a quest to save the kingdom. Strange things are happening in Tom's village. First, the horses were attacked. Then, the river dried up. Now, the last of thre crops has mysteriously burned. Everyone is terrified. But Tom isn't afraid. He's always dreamed of a quest -- a real quest! -- and vows to go to the king and bring help for them. But Tom soon learns that his village is not the only one in danger. There is terrible trouble all throughout the kingdom, and hope is nearly lost. That is, until Tom is sent on the greatest quest of all -- the Beast Quest"--P. [4] of cover. | ||
| 521 | 8 |
_a750
_bLexile |
|
| 521 | 8 |
_aR
_bRaz-Plus |
|
| 650 | 0 |
_aTom (Fictitious character : Blade) _vJuvenile fiction. |
|
| 650 | 0 |
_aElenna (Fictitious character : Blade) _vJuvenile fiction. |
|
| 650 | 0 |
_aMonsters _vJuvenile fiction. |
|
| 655 | 0 | _aChildren's stories. | |
| 655 | 0 | _aFantasy fiction. | |
| 906 |
_a7 _bcbc _ccopycat _d2 _encip _f20 _gy-gencatlg |
||
| 942 |
_2ddc _cBK _n0 |
||
| 999 |
_c2986 _d2986 |
||